000
00344 a2200157 4500
001
153028
040
_c
Escola São Tomás de Aquino
100
_a
VILHENA, Vera
240
1
0
_a
Poesia de ouro
_l
por
245
1
0
_a
Poesia de ouro
300
_a
143
362
0
_a
2002
440
1
_a
Melhoramentos
697
_a
*LITERATURA JUVENIL
942
_c
BK
999
_c
153028
_d
153028